Cities by letter-C - Statistics

General Stats
  • This quiz has been taken 31 times
  • The average score is 32 of 50
Answer Stats
Hint City % Correct
1) Aka the "Windy City" though notparticularly very windy Chicago
96%
41) This Australian city is the gateway to the Great Barrier Reef Cairns
89%
46) City on the French Riviera home to the world famous filmfestival Cannes
89%
24) Capital of Venezuela Caracas
89%
8) Home to the Bengals and Reds Cincinnati
89%
38) Home to Table Mountain and one ofSouth Africas capitals Cape Town
86%
26) Capital of Wales Cardiff
86%
28) Across the Oresund Bridge fromMalmo, Sweden Copenhagen
86%
25) Irish city and something used to holdwine in a bottle Cork
86%
3) Texas city on the Gulf of Mexicothat means "body of Christ" Corpus Christi
86%
36) Egyptian capital and one of Africas largest megacities Cairo
82%
17) Famous resort city on the Gulf of Mexico on the Yucatan peninsula Cancun
82%
2) Largest city in North Carolina Charlotte
82%
10) Capital of Ohio Columbus
82%
49) Moroccan city that translates to "white house" Casablanca
79%
13) Historic port city in South Carolina Charleston
79%
33) Capital of Moldova Chisinau
79%
43) 2nd largest city in New Zealand after Auckland Christchurch
79%
42) Capital of Australia Canberra
75%
9) Ohio city on Lake Erie Cleveland
75%
45) Alberta city home to the Flames of the NHL Calgary
71%
34) Ukrainian town near the site of the nucleardisaster of 1986 Chernobyl
71%
20) 2nd most populous city in Argentina Cordoba
71%
4) City in SE Tennessee at the foothillsof the Appalachian range Chattanooga
68%
5) This Colorado city is the gatewayto Pikes Peak Colorado Springs
64%
37) Capital of Guinea Conakry
64%
18) Historic port city on the Caribbeancoast of Columbia Cartagena
61%
19) This Columbian city is known asthe world capital of Salsa dance Cali
57%
27) This Boston suburb is home toHarvard University and MIT Cambridge
57%
23) Capital of French Guiana Cayenne
57%
39) Capital of Indias' Tamil Nadu state Chennai
57%
22) Willemstad is the capital of this Caribbean island Curacao
54%
48) Ancient city in the Andalusia region of Spain, home tothe Spanish Navy Cadiz
50%
11) This Idaho city translates to "heart ofthe awl" in French Coeur d'Alene
50%
21) Capital of Brazils' Parana state Curitiba
50%
12) Home to the Kennedy Space Station Cape Canaveral
46%
7) Tech hub city suburb of Phoenix Chandler
46%
40) Chinese megacity home to the Great Hall of the People complex Chongqing
46%
44) Largest city in Sri Lanka Colombo
46%
30) French resort town in the Alps at thebase of Mt Blanc Chamonix
43%
29) Historic Belgian city in the Walloon provinceof Hainaut Charleroi
43%
32) Capital of the historic Transylvania regionof Romania Cluj Napoca
43%
16) Resort city on the southern tipof Baja California Sur Cabo San Lucas
39%
50) Mt Busay overlooks this Philippine city Cebu
39%
35) Historic Romanian port city on the Black Sea Constanta
39%
14) City in eastern Iowa known for its art and history Cedar Rapids
36%
15) This CA city means "beautiful view" Chula Vista
36%
6) NY town home to the NationalBaseball Hall of Fame Cooperstown
32%
31) Swiss Alpine city in the Graubünden region Chur
21%
47) This southern NJ town is a popular vacation spot Cape May
14%
No matching quizzes found
Score Distribution
Percent of People with Each Score
Percentile by Number Answered
Your Score History
You have not taken this quiz